<?xml version="1.0" encoding="UTF-8"?>
<collection xmlns="http://www.loc.gov/MARC21/slim">
 <record>
  <leader>11912nas a22012611  4500</leader>
  <controlfield tag="001">1/50243</controlfield>
  <controlfield tag="008">020404c19739999cauqr1p       0   a0eng d</controlfield>
  <datafield tag="022" ind1=" " ind2=" ">
   <subfield code="a">0091-1798</subfield>
  </datafield>
  <datafield tag="035" ind1=" " ind2=" ">
   <subfield code="l">23421</subfield>
  </datafield>
  <datafield tag="040" ind1=" " ind2=" ">
   <subfield code="a">DLC</subfield>
   <subfield code="b">GR-PeUP</subfield>
  </datafield>
  <datafield tag="090" ind1=" " ind2=" ">
   <subfield code="a">Αλφαβητική σειρά</subfield>
  </datafield>
  <datafield tag="245" ind1="0" ind2="4">
   <subfield code="a">The Annals of probability.</subfield>
  </datafield>
  <datafield tag="260" ind1=" " ind2=" ">
   <subfield code="a">Hayward, Calif. ;</subfield>
   <subfield code="b">Institute of Mathematical Statistics ,</subfield>
   <subfield code="c">1973-</subfield>
  </datafield>
  <datafield tag="300" ind1=" " ind2=" ">
   <subfield code="a">v. ;</subfield>
   <subfield code="c">26 cm.</subfield>
  </datafield>
  <datafield tag="310" ind1=" " ind2=" ">
   <subfield code="a">Quarterly.</subfield>
  </datafield>
  <datafield tag="321" ind1=" " ind2=" ">
   <subfield code="a">Bimonthly,</subfield>
   <subfield code="b">1973-1981.</subfield>
  </datafield>
  <datafield tag="362" ind1="0" ind2=" ">
   <subfield code="a">Vol.4, no.1(Feb. 1976)-v.25, no.4(Oct. 1997).</subfield>
  </datafield>
  <datafield tag="362" ind1="0" ind2=" ">
   <subfield code="a">Vol.30, no.1(Jan. 2002)-v.30, no.4(Oct. 2002).</subfield>
  </datafield>
  <datafield tag="650" ind1=" " ind2="4">
   <subfield code="a">Probabilities</subfield>
   <subfield code="v">Periodicals.</subfield>
  </datafield>
  <datafield tag="710" ind1="2" ind2=" ">
   <subfield code="a">Institute of Mathematical Statistics.</subfield>
  </datafield>
  <datafield tag="852" ind1=" " ind2=" ">
   <subfield code="a">INST</subfield>
   <subfield code="b">UNIPILB</subfield>
   <subfield code="c">SERIALS</subfield>
   <subfield code="e">20050125</subfield>
   <subfield code="h">Αλφαβητική σειρά</subfield>
   <subfield code="p">39304</subfield>
   <subfield code="q">39304</subfield>
   <subfield code="t">NOLOAN</subfield>
   <subfield code="v">vol.31;no.1:(Μήνας)January;(Έτος)2003</subfield>
   <subfield code="y">23</subfield>
  </datafield>
  <datafield tag="852" ind1=" " ind2=" ">
   <subfield code="a">INST</subfield>
   <subfield code="b">UNIPILB</subfield>
   <subfield code="c">SERIALS</subfield>
   <subfield code="e">20050125</subfield>
   <subfield code="h">Αλφαβητική σειρά</subfield>
   <subfield code="p">39305</subfield>
   <subfield code="q">39305</subfield>
   <subfield code="t">NOLOAN</subfield>
   <subfield code="v">vol.31;no.2:(Μήνας)April;(Έτος)2003</subfield>
   <subfield code="y">23</subfield>
  </datafield>
  <datafield tag="852" ind1=" " ind2=" ">
   <subfield code="a">INST</subfield>
   <subfield code="b">UNIPILB</subfield>
   <subfield code="c">SERIALS</subfield>
   <subfield code="e">20050125</subfield>
   <subfield code="h">Αλφαβητική σειρά</subfield>
   <subfield code="p">39306</subfield>
   <subfield code="q">39306</subfield>
   <subfield code="t">NOLOAN</subfield>
   <subfield code="v">vol.31;no.3:(Μήνας)July;(Έτος)2003</subfield>
   <subfield code="y">23</subfield>
  </datafield>
  <datafield tag="852" ind1=" " ind2=" ">
   <subfield code="a">INST</subfield>
   <subfield code="b">UNIPILB</subfield>
   <subfield code="c">SERIALS</subfield>
   <subfield code="e">20050125</subfield>
   <subfield code="h">Αλφαβητική σειρά</subfield>
   <subfield code="p">39307</subfield>
   <subfield code="q">39307</subfield>
   <subfield code="t">NOLOAN</subfield>
   <subfield code="v">vol.31;no.4:(Μήνας)October;(Έτος)2003</subfield>
   <subfield code="y">23</subfield>
  </datafield>
  <datafield tag="852" ind1=" " ind2=" ">
   <subfield code="a">INST</subfield>
   <subfield code="b">UNIPILB</subfield>
   <subfield code="c">SERIALS</subfield>
   <subfield code="e">20050301</subfield>
   <subfield code="h">Αλφαβητική σειρά</subfield>
   <subfield code="p">40734</subfield>
   <subfield code="q">40734</subfield>
   <subfield code="t">NOLOAN</subfield>
   <subfield code="v">vol.32;no.4:(Μήνας)October;(Έτος)2004</subfield>
   <subfield code="y">23</subfield>
  </datafield>
  <datafield tag="852" ind1=" " ind2=" ">
   <subfield code="a">INST</subfield>
   <subfield code="b">UNIPILB</subfield>
   <subfield code="c">SERIALS</subfield>
   <subfield code="e">20050301</subfield>
   <subfield code="h">Αλφαβητική σειρά</subfield>
   <subfield code="p">40735</subfield>
   <subfield code="q">40735</subfield>
   <subfield code="t">NOLOAN</subfield>
   <subfield code="v">vol.32;no.3:(Μήνας)July;(Έτος)2004</subfield>
   <subfield code="y">23</subfield>
  </datafield>
  <datafield tag="852" ind1=" " ind2=" ">
   <subfield code="a">INST</subfield>
   <subfield code="b">UNIPILB</subfield>
   <subfield code="c">SERIALS</subfield>
   <subfield code="e">20050301</subfield>
   <subfield code="h">Αλφαβητική σειρά</subfield>
   <subfield code="p">40736</subfield>
   <subfield code="q">40736</subfield>
   <subfield code="t">NOLOAN</subfield>
   <subfield code="v">vol.32;no.3B:(Μήνας)July;(Έτος)2004</subfield>
   <subfield code="y">23</subfield>
  </datafield>
  <datafield tag="852" ind1=" " ind2=" ">
   <subfield code="a">INST</subfield>
   <subfield code="b">UNIPILB</subfield>
   <subfield code="c">SERIALS</subfield>
   <subfield code="e">20050418</subfield>
   <subfield code="h">Αλφαβητική σειρά</subfield>
   <subfield code="p">42567</subfield>
   <subfield code="q">42567</subfield>
   <subfield code="t">NOLOAN</subfield>
   <subfield code="v">vol.32;no.2:(Μήνας)April;(Έτος)2004</subfield>
   <subfield code="y">23</subfield>
  </datafield>
  <datafield tag="852" ind1=" " ind2=" ">
   <subfield code="a">INST</subfield>
   <subfield code="b">UNIPILB</subfield>
   <subfield code="c">SERIALS</subfield>
   <subfield code="e">20050418</subfield>
   <subfield code="h">Αλφαβητική σειρά</subfield>
   <subfield code="p">42569</subfield>
   <subfield code="q">42569</subfield>
   <subfield code="t">NOLOAN</subfield>
   <subfield code="v">vol.32;no.1 A:(Μήνας)January.;(Έτος)2004</subfield>
   <subfield code="y">23</subfield>
  </datafield>
  <datafield tag="852" ind1=" " ind2=" ">
   <subfield code="a">INST</subfield>
   <subfield code="b">UNIPILB</subfield>
   <subfield code="c">SERIALS</subfield>
   <subfield code="e">20050418</subfield>
   <subfield code="h">Αλφαβητική σειρά</subfield>
   <subfield code="p">42570</subfield>
   <subfield code="q">42570</subfield>
   <subfield code="t">NOLOAN</subfield>
   <subfield code="v">vol.32;no.1B:(Μήνας)January;(Έτος)2004</subfield>
   <subfield code="y">23</subfield>
  </datafield>
  <datafield tag="852" ind1=" " ind2=" ">
   <subfield code="a">INST</subfield>
   <subfield code="b">UNIPILB</subfield>
   <subfield code="c">SERIALS</subfield>
   <subfield code="e">20060228</subfield>
   <subfield code="h">Αλφαβητική σειρά</subfield>
   <subfield code="p">50623</subfield>
   <subfield code="q">50623</subfield>
   <subfield code="t">NOLOAN</subfield>
   <subfield code="v">vol.33;no.1:(Μήνας)January;(Έτος)2005</subfield>
   <subfield code="y">23</subfield>
  </datafield>
  <datafield tag="852" ind1=" " ind2=" ">
   <subfield code="a">INST</subfield>
   <subfield code="b">UNIPILB</subfield>
   <subfield code="c">SERIALS</subfield>
   <subfield code="e">20060228</subfield>
   <subfield code="h">Αλφαβητική σειρά</subfield>
   <subfield code="p">50624</subfield>
   <subfield code="q">50624</subfield>
   <subfield code="t">NOLOAN</subfield>
   <subfield code="v">vol.33;no.2:(Μήνας)March;(Έτος)2005</subfield>
   <subfield code="y">23</subfield>
  </datafield>
  <datafield tag="852" ind1=" " ind2=" ">
   <subfield code="a">INST</subfield>
   <subfield code="b">UNIPILB</subfield>
   <subfield code="c">SERIALS</subfield>
   <subfield code="e">20060228</subfield>
   <subfield code="h">Αλφαβητική σειρά</subfield>
   <subfield code="p">50625</subfield>
   <subfield code="q">50625</subfield>
   <subfield code="t">NOLOAN</subfield>
   <subfield code="v">vol.33;no.3:(Μήνας)May;(Έτος)2005</subfield>
   <subfield code="y">23</subfield>
  </datafield>
  <datafield tag="852" ind1=" " ind2=" ">
   <subfield code="a">INST</subfield>
   <subfield code="b">UNIPILB</subfield>
   <subfield code="c">SERIALS</subfield>
   <subfield code="e">20060228</subfield>
   <subfield code="h">Αλφαβητική σειρά</subfield>
   <subfield code="p">50626</subfield>
   <subfield code="q">50626</subfield>
   <subfield code="t">NOLOAN</subfield>
   <subfield code="v">vol.33;no.4:(Μήνας)July;(Έτος)2005</subfield>
   <subfield code="y">23</subfield>
  </datafield>
  <datafield tag="852" ind1=" " ind2=" ">
   <subfield code="a">INST</subfield>
   <subfield code="b">UNIPILB</subfield>
   <subfield code="c">SERIALS</subfield>
   <subfield code="e">20060228</subfield>
   <subfield code="h">Αλφαβητική σειρά</subfield>
   <subfield code="p">50627</subfield>
   <subfield code="q">50627</subfield>
   <subfield code="t">NOLOAN</subfield>
   <subfield code="v">vol.33;no.5:(Μήνας)September;(Έτος)2005</subfield>
   <subfield code="y">23</subfield>
  </datafield>
  <datafield tag="852" ind1=" " ind2=" ">
   <subfield code="a">INST</subfield>
   <subfield code="b">UNIPILB</subfield>
   <subfield code="c">SERIALS</subfield>
   <subfield code="e">20060228</subfield>
   <subfield code="h">Αλφαβητική σειρά</subfield>
   <subfield code="p">50628</subfield>
   <subfield code="q">50628</subfield>
   <subfield code="t">NOLOAN</subfield>
   <subfield code="v">vol.33;no.6:(Μήνας)November;(Έτος)2005</subfield>
   <subfield code="y">23</subfield>
  </datafield>
  <datafield tag="852" ind1=" " ind2=" ">
   <subfield code="a">INST</subfield>
   <subfield code="b">UNIPILB</subfield>
   <subfield code="c">SERIALS</subfield>
   <subfield code="e">20060522</subfield>
   <subfield code="h">Αλφαβητική σειρά</subfield>
   <subfield code="p">51649</subfield>
   <subfield code="q">51649</subfield>
   <subfield code="t">NOLOAN</subfield>
   <subfield code="v">vol.34;no.1:(Μήνας)January;(Έτος)2006</subfield>
   <subfield code="y">23</subfield>
  </datafield>
  <datafield tag="852" ind1=" " ind2=" ">
   <subfield code="a">INST</subfield>
   <subfield code="b">UNIPILB</subfield>
   <subfield code="c">SERIALS</subfield>
   <subfield code="e">20060705</subfield>
   <subfield code="h">Αλφαβητική σειρά</subfield>
   <subfield code="p">51821</subfield>
   <subfield code="q">51821</subfield>
   <subfield code="t">NOLOAN</subfield>
   <subfield code="v">vol.34;no.2:(Μήνας)March;(Έτος)2006</subfield>
   <subfield code="y">23</subfield>
  </datafield>
  <datafield tag="852" ind1=" " ind2=" ">
   <subfield code="a">INST</subfield>
   <subfield code="b">UNIPILB</subfield>
   <subfield code="c">SERIALS</subfield>
   <subfield code="e">20060828</subfield>
   <subfield code="h">Αλφαβητική σειρά</subfield>
   <subfield code="p">52484</subfield>
   <subfield code="q">52484</subfield>
   <subfield code="t">NOLOAN</subfield>
   <subfield code="v">vol.34;no.3:(Μήνας)May;(Έτος)2006</subfield>
   <subfield code="y">23</subfield>
  </datafield>
  <datafield tag="852" ind1=" " ind2=" ">
   <subfield code="a">INST</subfield>
   <subfield code="b">UNIPILB</subfield>
   <subfield code="c">SERIALS</subfield>
   <subfield code="e">20061123</subfield>
   <subfield code="h">Αλφαβητική σειρά</subfield>
   <subfield code="p">53738</subfield>
   <subfield code="q">53738</subfield>
   <subfield code="t">NOLOAN</subfield>
   <subfield code="v">vol.34;no.4:(Μήνας)July;(Έτος)2006</subfield>
   <subfield code="y">23</subfield>
  </datafield>
  <datafield tag="852" ind1=" " ind2=" ">
   <subfield code="a">INST</subfield>
   <subfield code="b">UNIPILB</subfield>
   <subfield code="c">SERIALS</subfield>
   <subfield code="e">20070116</subfield>
   <subfield code="h">Αλφαβητική σειρά</subfield>
   <subfield code="p">54057</subfield>
   <subfield code="q">54057</subfield>
   <subfield code="t">NOLOAN</subfield>
   <subfield code="v">vol.34;no.5:(Μήνας)September;(Έτος)2006</subfield>
   <subfield code="y">23</subfield>
  </datafield>
  <datafield tag="852" ind1=" " ind2=" ">
   <subfield code="a">INST</subfield>
   <subfield code="b">UNIPILB</subfield>
   <subfield code="c">SERIALS</subfield>
   <subfield code="e">20070425</subfield>
   <subfield code="h">Αλφαβητική σειρά</subfield>
   <subfield code="p">55430</subfield>
   <subfield code="q">55430</subfield>
   <subfield code="t">NOLOAN</subfield>
   <subfield code="v">vol.34;no.6:(Μήνας)November;(Έτος)2006</subfield>
   <subfield code="y">23</subfield>
  </datafield>
  <datafield tag="852" ind1=" " ind2=" ">
   <subfield code="a">INST</subfield>
   <subfield code="b">UNIPILB</subfield>
   <subfield code="c">SERIALS</subfield>
   <subfield code="e">20070919</subfield>
   <subfield code="h">Αλφαβητική σειρά</subfield>
   <subfield code="p">57392</subfield>
   <subfield code="q">57392</subfield>
   <subfield code="t">NOLOAN</subfield>
   <subfield code="v">vol.35;no.1:(Μήνας)January;(Έτος)2007</subfield>
   <subfield code="y">23</subfield>
  </datafield>
  <datafield tag="852" ind1=" " ind2=" ">
   <subfield code="a">INST</subfield>
   <subfield code="b">UNIPILB</subfield>
   <subfield code="c">SERIALS</subfield>
   <subfield code="e">20070919</subfield>
   <subfield code="h">Αλφαβητική σειρά</subfield>
   <subfield code="p">57393</subfield>
   <subfield code="q">57393</subfield>
   <subfield code="t">NOLOAN</subfield>
   <subfield code="v">vol.35;no.2:(Μήνας)March;(Έτος)2007</subfield>
   <subfield code="y">23</subfield>
  </datafield>
  <datafield tag="852" ind1=" " ind2=" ">
   <subfield code="a">INST</subfield>
   <subfield code="b">UNIPILB</subfield>
   <subfield code="c">SERIALS</subfield>
   <subfield code="e">20070919</subfield>
   <subfield code="h">Αλφαβητική σειρά</subfield>
   <subfield code="p">57394</subfield>
   <subfield code="q">57394</subfield>
   <subfield code="t">NOLOAN</subfield>
   <subfield code="v">vol.35;no.3:(Μήνας)May;(Έτος)2007</subfield>
   <subfield code="y">23</subfield>
  </datafield>
  <datafield tag="852" ind1=" " ind2=" ">
   <subfield code="a">INST</subfield>
   <subfield code="b">UNIPILB</subfield>
   <subfield code="c">SERIALS</subfield>
   <subfield code="e">20070919</subfield>
   <subfield code="h">Αλφαβητική σειρά</subfield>
   <subfield code="p">57395</subfield>
   <subfield code="q">57395</subfield>
   <subfield code="t">NOLOAN</subfield>
   <subfield code="v">vol.35;no.4:(Μήνας)July;(Έτος)2007</subfield>
   <subfield code="y">23</subfield>
  </datafield>
  <datafield tag="852" ind1=" " ind2=" ">
   <subfield code="a">INST</subfield>
   <subfield code="b">UNIPILB</subfield>
   <subfield code="c">SERIALS</subfield>
   <subfield code="e">20071120</subfield>
   <subfield code="h">Αλφαβητική σειρά</subfield>
   <subfield code="p">58487</subfield>
   <subfield code="q">58487</subfield>
   <subfield code="t">NOLOAN</subfield>
   <subfield code="v">vol.35;no.6:(Μήνας)November;(Έτος)2007</subfield>
   <subfield code="y">23</subfield>
  </datafield>
  <datafield tag="852" ind1=" " ind2=" ">
   <subfield code="a">INST</subfield>
   <subfield code="b">UNIPILB</subfield>
   <subfield code="c">SERIALS</subfield>
   <subfield code="e">20071129</subfield>
   <subfield code="h">Αλφαβητική σειρά</subfield>
   <subfield code="p">58620</subfield>
   <subfield code="q">58620</subfield>
   <subfield code="t">NOLOAN</subfield>
   <subfield code="v">vol.35;no.5:(Μήνας)September;(Έτος)2007</subfield>
   <subfield code="y">23</subfield>
  </datafield>
  <datafield tag="852" ind1=" " ind2=" ">
   <subfield code="a">INST</subfield>
   <subfield code="b">UNIPILB</subfield>
   <subfield code="c">SERIALS</subfield>
   <subfield code="e">20091030</subfield>
   <subfield code="h">Αλφαβητική σειρά</subfield>
   <subfield code="p">65131</subfield>
   <subfield code="q">65131</subfield>
   <subfield code="t">NOLOAN</subfield>
   <subfield code="v">vol.37;no.1:(Μήνας)January;(Έτος)2009</subfield>
   <subfield code="y">23</subfield>
  </datafield>
  <datafield tag="852" ind1=" " ind2=" ">
   <subfield code="a">INST</subfield>
   <subfield code="b">UNIPILB</subfield>
   <subfield code="c">SERIALS</subfield>
   <subfield code="e">20100309</subfield>
   <subfield code="h">Αλφαβητική σειρά</subfield>
   <subfield code="p">67318</subfield>
   <subfield code="q">67318</subfield>
   <subfield code="t">NOLOAN</subfield>
   <subfield code="v">vol.37;no.4:(Μήνας)July;(Έτος)2009</subfield>
   <subfield code="y">23</subfield>
  </datafield>
  <datafield tag="852" ind1=" " ind2=" ">
   <subfield code="a">INST</subfield>
   <subfield code="b">UNIPILB</subfield>
   <subfield code="c">SERIALS</subfield>
   <subfield code="e">20100309</subfield>
   <subfield code="h">Αλφαβητική σειρά</subfield>
   <subfield code="p">67319</subfield>
   <subfield code="q">67319</subfield>
   <subfield code="t">NOLOAN</subfield>
   <subfield code="v">vol.37;no.5:(Μήνας)September;(Έτος)2009</subfield>
   <subfield code="y">23</subfield>
  </datafield>
  <datafield tag="852" ind1=" " ind2=" ">
   <subfield code="a">INST</subfield>
   <subfield code="b">UNIPILB</subfield>
   <subfield code="c">SERIALS</subfield>
   <subfield code="e">20100309</subfield>
   <subfield code="h">Αλφαβητική σειρά</subfield>
   <subfield code="p">67320</subfield>
   <subfield code="q">67320</subfield>
   <subfield code="t">NOLOAN</subfield>
   <subfield code="v">vol.37;no.6:(Μήνας)November;(Έτος)2009</subfield>
   <subfield code="y">23</subfield>
  </datafield>
  <datafield tag="852" ind1=" " ind2=" ">
   <subfield code="a">INST</subfield>
   <subfield code="b">UNIPILB</subfield>
   <subfield code="c">SERIALS</subfield>
   <subfield code="e">20100310</subfield>
   <subfield code="h">Αλφαβητική σειρά</subfield>
   <subfield code="p">67354</subfield>
   <subfield code="q">67354</subfield>
   <subfield code="t">NOLOAN</subfield>
   <subfield code="v">vol.37;no.3:(Μήνας)May;(Έτος)2009</subfield>
   <subfield code="y">23</subfield>
  </datafield>
  <datafield tag="852" ind1=" " ind2=" ">
   <subfield code="a">INST</subfield>
   <subfield code="b">UNIPILB</subfield>
   <subfield code="c">SERIALS</subfield>
   <subfield code="e">20100706</subfield>
   <subfield code="h">Αλφαβητική σειρά</subfield>
   <subfield code="p">69378</subfield>
   <subfield code="q">69378</subfield>
   <subfield code="t">NOLOAN</subfield>
   <subfield code="v">vol.38;no.1:(Μήνας)January;(Έτος)2010</subfield>
   <subfield code="y">23</subfield>
  </datafield>
  <datafield tag="852" ind1=" " ind2=" ">
   <subfield code="a">INST</subfield>
   <subfield code="b">UNIPILB</subfield>
   <subfield code="c">SERIALS</subfield>
   <subfield code="e">20100826</subfield>
   <subfield code="h">Αλφαβητική σειρά</subfield>
   <subfield code="p">69652</subfield>
   <subfield code="q">69652</subfield>
   <subfield code="t">NOLOAN</subfield>
   <subfield code="v">vol.38;no.2:(Μήνας)March;(Έτος)2010</subfield>
   <subfield code="y">23</subfield>
  </datafield>
  <datafield tag="852" ind1=" " ind2=" ">
   <subfield code="a">INST</subfield>
   <subfield code="b">UNIPILB</subfield>
   <subfield code="c">SERIALS</subfield>
   <subfield code="e">20100826</subfield>
   <subfield code="h">Αλφαβητική σειρά</subfield>
   <subfield code="p">69653</subfield>
   <subfield code="q">69653</subfield>
   <subfield code="t">NOLOAN</subfield>
   <subfield code="v">vol.38;no.3:(Μήνας)May;(Έτος)2010</subfield>
   <subfield code="y">23</subfield>
  </datafield>
  <datafield tag="852" ind1=" " ind2=" ">
   <subfield code="a">INST</subfield>
   <subfield code="b">UNIPILB</subfield>
   <subfield code="c">SERIALS</subfield>
   <subfield code="e">20101005</subfield>
   <subfield code="h">Αλφαβητική σειρά</subfield>
   <subfield code="p">70042</subfield>
   <subfield code="q">70042</subfield>
   <subfield code="t">NOLOAN</subfield>
   <subfield code="v">vol.38;no.4:(Μήνας)July;(Έτος)2010</subfield>
   <subfield code="y">23</subfield>
  </datafield>
  <datafield tag="852" ind1=" " ind2=" ">
   <subfield code="a">INST</subfield>
   <subfield code="b">UNIPILB</subfield>
   <subfield code="c">SERIALS</subfield>
   <subfield code="e">20101018</subfield>
   <subfield code="h">Αλφαβητική σειρά</subfield>
   <subfield code="p">70174</subfield>
   <subfield code="q">70174</subfield>
   <subfield code="t">NOLOAN</subfield>
   <subfield code="v">vol.38;no.5:(Μήνας)September;(Έτος)2010</subfield>
   <subfield code="y">23</subfield>
  </datafield>
  <datafield tag="852" ind1=" " ind2=" ">
   <subfield code="a">INST</subfield>
   <subfield code="b">UNIPILB</subfield>
   <subfield code="c">SERIALS</subfield>
   <subfield code="e">20101112</subfield>
   <subfield code="h">Αλφαβητική σειρά</subfield>
   <subfield code="p">70556</subfield>
   <subfield code="q">70556</subfield>
   <subfield code="t">NOLOAN</subfield>
   <subfield code="v">vol.38;no.6:(Μήνας)November;(Έτος)2010</subfield>
   <subfield code="y">23</subfield>
  </datafield>
  <datafield tag="852" ind1=" " ind2=" ">
   <subfield code="a">INST</subfield>
   <subfield code="b">UNIPILB</subfield>
   <subfield code="c">SERIALS</subfield>
   <subfield code="e">20101123</subfield>
   <subfield code="h">Αλφαβητική σειρά</subfield>
   <subfield code="p">70647</subfield>
   <subfield code="q">70647</subfield>
   <subfield code="t">NOLOAN</subfield>
   <subfield code="v">vol.37;no.2:(Μήνας)March;(Έτος)2009</subfield>
   <subfield code="y">23</subfield>
  </datafield>
  <datafield tag="852" ind1=" " ind2=" ">
   <subfield code="a">INST</subfield>
   <subfield code="b">UNIPILB</subfield>
   <subfield code="c">SERIALS</subfield>
   <subfield code="e">20110930</subfield>
   <subfield code="h">Αλφαβητική σειρά</subfield>
   <subfield code="p">72845</subfield>
   <subfield code="q">72845</subfield>
   <subfield code="t">NOLOAN</subfield>
   <subfield code="v">vol.39;no.3:(Μήνας)May;(Έτος)2011</subfield>
   <subfield code="y">23</subfield>
  </datafield>
  <datafield tag="852" ind1=" " ind2=" ">
   <subfield code="a">INST</subfield>
   <subfield code="b">UNIPILB</subfield>
   <subfield code="c">SERIALS</subfield>
   <subfield code="e">20111124</subfield>
   <subfield code="h">Αλφαβητική σειρά</subfield>
   <subfield code="p">73510</subfield>
   <subfield code="q">73510</subfield>
   <subfield code="t">NOLOAN</subfield>
   <subfield code="v">vol.39;no.2:(Μήνας)March;(Έτος)2011</subfield>
   <subfield code="y">23</subfield>
  </datafield>
  <datafield tag="852" ind1=" " ind2=" ">
   <subfield code="a">INST</subfield>
   <subfield code="b">UNIPILB</subfield>
   <subfield code="c">SERIALS</subfield>
   <subfield code="e">20111125</subfield>
   <subfield code="h">Αλφαβητική σειρά</subfield>
   <subfield code="p">73547</subfield>
   <subfield code="q">73547</subfield>
   <subfield code="t">NOLOAN</subfield>
   <subfield code="v">vol.39;no.1:(Μήνας)January;(Έτος)2011</subfield>
   <subfield code="y">23</subfield>
  </datafield>
  <datafield tag="852" ind1=" " ind2=" ">
   <subfield code="a">INST</subfield>
   <subfield code="b">UNIPILB</subfield>
   <subfield code="c">SERIALS</subfield>
   <subfield code="e">20111125</subfield>
   <subfield code="h">Αλφαβητική σειρά</subfield>
   <subfield code="p">73548</subfield>
   <subfield code="q">73548</subfield>
   <subfield code="t">NOLOAN</subfield>
   <subfield code="v">vol.39;no.4:(Μήνας)July;(Έτος)2011</subfield>
   <subfield code="y">23</subfield>
  </datafield>
  <datafield tag="852" ind1=" " ind2=" ">
   <subfield code="a">INST</subfield>
   <subfield code="b">UNIPILB</subfield>
   <subfield code="c">SERIALS</subfield>
   <subfield code="e">20120511</subfield>
   <subfield code="h">Αλφαβητική σειρά</subfield>
   <subfield code="p">75402</subfield>
   <subfield code="q">75402</subfield>
   <subfield code="t">NOLOAN</subfield>
   <subfield code="v">vol.40;no.1:(Μήνας)January;(Έτος)2012</subfield>
   <subfield code="y">23</subfield>
  </datafield>
  <datafield tag="852" ind1=" " ind2=" ">
   <subfield code="a">INST</subfield>
   <subfield code="b">UNIPILB</subfield>
   <subfield code="c">SERIALS</subfield>
   <subfield code="e">20121123</subfield>
   <subfield code="h">Αλφαβητική σειρά</subfield>
   <subfield code="p">77167</subfield>
   <subfield code="q">77167</subfield>
   <subfield code="t">NOLOAN</subfield>
   <subfield code="v">vol.40;no.5:(Μήνας)September;(Έτος)2012</subfield>
   <subfield code="y">23</subfield>
  </datafield>
  <datafield tag="852" ind1=" " ind2=" ">
   <subfield code="a">INST</subfield>
   <subfield code="b">UNIPILB</subfield>
   <subfield code="c">SERIALS</subfield>
   <subfield code="e">20121210</subfield>
   <subfield code="h">Αλφαβητική σειρά</subfield>
   <subfield code="p">77317</subfield>
   <subfield code="q">77317</subfield>
   <subfield code="t">NOLOAN</subfield>
   <subfield code="v">vol.39;no.6:(Μήνας)November;(Έτος)2011</subfield>
   <subfield code="y">23</subfield>
  </datafield>
  <datafield tag="852" ind1=" " ind2=" ">
   <subfield code="a">INST</subfield>
   <subfield code="b">UNIPILB</subfield>
   <subfield code="c">SERIALS</subfield>
   <subfield code="e">20121210</subfield>
   <subfield code="h">Αλφαβητική σειρά</subfield>
   <subfield code="p">77318</subfield>
   <subfield code="q">77318</subfield>
   <subfield code="t">NOLOAN</subfield>
   <subfield code="v">vol.40;no.4:(Μήνας)July;(Έτος)2012</subfield>
   <subfield code="y">23</subfield>
  </datafield>
  <datafield tag="852" ind1=" " ind2=" ">
   <subfield code="a">INST</subfield>
   <subfield code="b">UNIPILB</subfield>
   <subfield code="c">SERIALS</subfield>
   <subfield code="e">20121210</subfield>
   <subfield code="h">Αλφαβητική σειρά</subfield>
   <subfield code="p">77319</subfield>
   <subfield code="q">77319</subfield>
   <subfield code="t">NOLOAN</subfield>
   <subfield code="v">vol.40;no.6:(Μήνας)November;(Έτος)2012</subfield>
   <subfield code="y">23</subfield>
  </datafield>
  <datafield tag="852" ind1=" " ind2=" ">
   <subfield code="a">INST</subfield>
   <subfield code="b">UNIPILB</subfield>
   <subfield code="c">SERIALS</subfield>
   <subfield code="e">20130108</subfield>
   <subfield code="h">Αλφαβητική σειρά</subfield>
   <subfield code="p">77420</subfield>
   <subfield code="q">77420</subfield>
   <subfield code="t">NOLOAN</subfield>
   <subfield code="v">vol.40;no.3:(Μήνας)May;(Έτος)2012</subfield>
   <subfield code="y">23</subfield>
  </datafield>
  <datafield tag="852" ind1=" " ind2=" ">
   <subfield code="a">INST</subfield>
   <subfield code="b">UNIPILB</subfield>
   <subfield code="c">SERIALS</subfield>
   <subfield code="e">20131205</subfield>
   <subfield code="h">Αλφαβητική σειρά</subfield>
   <subfield code="p">81608</subfield>
   <subfield code="q">81608</subfield>
   <subfield code="t">NOLOAN</subfield>
   <subfield code="v">vol.41;no.2:(Μήνας)March;(Έτος)2013</subfield>
   <subfield code="y">23</subfield>
  </datafield>
  <datafield tag="852" ind1=" " ind2=" ">
   <subfield code="a">INST</subfield>
   <subfield code="b">UNIPILB</subfield>
   <subfield code="c">SERIALS</subfield>
   <subfield code="e">20140110</subfield>
   <subfield code="h">Αλφαβητική σειρά</subfield>
   <subfield code="p">81806</subfield>
   <subfield code="q">81806</subfield>
   <subfield code="t">NOLOAN</subfield>
   <subfield code="v">vol.41;no.3 A:(Μήνας)May;(Έτος)2013</subfield>
   <subfield code="y">23</subfield>
  </datafield>
  <datafield tag="852" ind1=" " ind2=" ">
   <subfield code="a">INST</subfield>
   <subfield code="b">UNIPILB</subfield>
   <subfield code="c">SERIALS</subfield>
   <subfield code="e">20140110</subfield>
   <subfield code="h">Αλφαβητική σειρά</subfield>
   <subfield code="p">81807</subfield>
   <subfield code="q">81807</subfield>
   <subfield code="t">NOLOAN</subfield>
   <subfield code="v">vol.41;no.3 B:(Μήνας)May;(Έτος)2013</subfield>
   <subfield code="y">23</subfield>
  </datafield>
  <datafield tag="852" ind1=" " ind2=" ">
   <subfield code="a">INST</subfield>
   <subfield code="b">UNIPILB</subfield>
   <subfield code="c">SERIALS</subfield>
   <subfield code="e">20140110</subfield>
   <subfield code="h">Αλφαβητική σειρά</subfield>
   <subfield code="p">81808</subfield>
   <subfield code="q">81808</subfield>
   <subfield code="t">NOLOAN</subfield>
   <subfield code="v">vol.41;no.4:(Μήνας)July;(Έτος)2013</subfield>
   <subfield code="y">23</subfield>
  </datafield>
  <datafield tag="852" ind1=" " ind2=" ">
   <subfield code="a">INST</subfield>
   <subfield code="b">UNIPILB</subfield>
   <subfield code="c">SERIALS</subfield>
   <subfield code="e">20140110</subfield>
   <subfield code="h">Αλφαβητική σειρά</subfield>
   <subfield code="p">81809</subfield>
   <subfield code="q">81809</subfield>
   <subfield code="t">NOLOAN</subfield>
   <subfield code="v">vol.41;no.5:(Μήνας)September;(Έτος)2013</subfield>
   <subfield code="y">23</subfield>
  </datafield>
  <datafield tag="852" ind1=" " ind2=" ">
   <subfield code="a">INST</subfield>
   <subfield code="b">UNIPILB</subfield>
   <subfield code="c">SERIALS</subfield>
   <subfield code="e">20140110</subfield>
   <subfield code="h">Αλφαβητική σειρά</subfield>
   <subfield code="p">81810</subfield>
   <subfield code="q">81810</subfield>
   <subfield code="t">NOLOAN</subfield>
   <subfield code="v">vol.41;no.6:(Μήνας)November;(Έτος)2013</subfield>
   <subfield code="y">23</subfield>
  </datafield>
  <datafield tag="852" ind1=" " ind2=" ">
   <subfield code="a">INST</subfield>
   <subfield code="b">UNIPILB</subfield>
   <subfield code="c">SERIALS</subfield>
   <subfield code="e">20140127</subfield>
   <subfield code="h">Αλφαβητική σειρά</subfield>
   <subfield code="p">81919</subfield>
   <subfield code="q">81919</subfield>
   <subfield code="t">NOLOAN</subfield>
   <subfield code="v">vol.41;no.1:(Μήνας)January;(Έτος)2013</subfield>
   <subfield code="y">23</subfield>
  </datafield>
  <datafield tag="856" ind1="4" ind2="1">
   <subfield code="u">http://projecteuclid.org/DPubS?service=UI&amp;version=1.0&amp;verb=Display&amp;page=past&amp;handle=euclid.aop</subfield>
  </datafield>
  <datafield tag="900" ind1=" " ind2=" ">
   <subfield code="a">Vol. 42 no. 1 (January 2014)</subfield>
   <subfield code="b">Οφειλόμενο</subfield>
   <subfield code="c">13/06/2017</subfield>
  </datafield>
  <datafield tag="900" ind1=" " ind2=" ">
   <subfield code="a">Vol. 36 no. 1 (January 2008)</subfield>
   <subfield code="b">Οφειλόμενο</subfield>
   <subfield code="c">15/10/2008</subfield>
  </datafield>
  <datafield tag="900" ind1=" " ind2=" ">
   <subfield code="a">Vol. 36 no. 2 (March 2008)</subfield>
   <subfield code="b">Οφειλόμενο</subfield>
   <subfield code="c">29/10/2009</subfield>
  </datafield>
  <datafield tag="900" ind1=" " ind2=" ">
   <subfield code="a">Vol. 36 no. 3 (May 2008)</subfield>
   <subfield code="b">Οφειλόμενο</subfield>
   <subfield code="c">29/10/2009</subfield>
  </datafield>
  <datafield tag="900" ind1=" " ind2=" ">
   <subfield code="a">Vol. 36 no. 4 (July 2008)</subfield>
   <subfield code="b">Οφειλόμενο</subfield>
   <subfield code="c">29/10/2009</subfield>
  </datafield>
  <datafield tag="900" ind1=" " ind2=" ">
   <subfield code="a">Vol. 36 no. 5 (September 2008)</subfield>
   <subfield code="b">Οφειλόμενο</subfield>
   <subfield code="c">29/10/2009</subfield>
  </datafield>
  <datafield tag="900" ind1=" " ind2=" ">
   <subfield code="a">Vol. 36 no. 6 (November 2008)</subfield>
   <subfield code="b">Οφειλόμενο</subfield>
   <subfield code="c">29/10/2009</subfield>
  </datafield>
  <datafield tag="900" ind1=" " ind2=" ">
   <subfield code="a">Vol. 39 no. 5 (September 2011)</subfield>
   <subfield code="b">Οφειλόμενο</subfield>
   <subfield code="c">29/06/2012</subfield>
  </datafield>
  <datafield tag="900" ind1=" " ind2=" ">
   <subfield code="a">Vol. 40 no. 2 (March 2012)</subfield>
   <subfield code="b">Οφειλόμενο</subfield>
   <subfield code="c">17/12/2012</subfield>
  </datafield>
  <datafield tag="900" ind1=" " ind2=" ">
   <subfield code="a">Vol. 41 no. 3 (May 2013)</subfield>
   <subfield code="b">Οφειλόμενο</subfield>
   <subfield code="c">13/06/2017</subfield>
  </datafield>
  <datafield tag="950" ind1=" " ind2=" ">
   <subfield code="a">01/01/2003</subfield>
   <subfield code="c">ANACO Κ. ΑΝΑΓΝΩΣΤΟΥ Ε.Π.Ε., ΜΗΧΑΝΗΜΑΤΑ ΚΑΙ ΣΥΣΤΗΜΑΤΑ ΟΡΓΑΝΩΣΗΣ ΓΡΑΦΕΙΟΥ</subfield>
   <subfield code="d">21</subfield>
  </datafield>
  <datafield tag="951" ind1=" " ind2=" ">
   <subfield code="a">Vol. 41 no. 4 (July 2013) - Vol. 41 no. 6 (November 2013)</subfield>
   <subfield code="b">Main run</subfield>
  </datafield>
  <datafield tag="951" ind1=" " ind2=" ">
   <subfield code="a">Vol.4, no.1(Feb. 1976) -  (vol.25, no.4(Oct. 1997)</subfield>
   <subfield code="b">Main run</subfield>
  </datafield>
  <datafield tag="951" ind1=" " ind2=" ">
   <subfield code="a">Vol.30, no.1(Jan. 2002) -  (vol.30, no.4(Oct. 2002)</subfield>
   <subfield code="b">Main run</subfield>
  </datafield>
  <datafield tag="951" ind1=" " ind2=" ">
   <subfield code="a">Vol. 31 no. 1 (January 2003) - Vol. 31 no. 4 (October 2003)</subfield>
   <subfield code="b">Main run</subfield>
  </datafield>
  <datafield tag="951" ind1=" " ind2=" ">
   <subfield code="a">Vol. 32 no. 1  (A January 2004)</subfield>
   <subfield code="b">Main run</subfield>
  </datafield>
  <datafield tag="951" ind1=" " ind2=" ">
   <subfield code="a">Vol. 32 no. 2 (April 2004) - Vol. 32 no. 3 (July 2004)</subfield>
   <subfield code="b">Main run</subfield>
  </datafield>
  <datafield tag="951" ind1=" " ind2=" ">
   <subfield code="a">Vol. 32 no. 1B  (January 2004)</subfield>
   <subfield code="b">Main run</subfield>
  </datafield>
  <datafield tag="951" ind1=" " ind2=" ">
   <subfield code="a">Vol. 32 no. 3B  (July 2004)</subfield>
   <subfield code="b">Main run</subfield>
  </datafield>
  <datafield tag="951" ind1=" " ind2=" ">
   <subfield code="a">Vol. 32 no. 4 (October 2004)</subfield>
   <subfield code="b">Main run</subfield>
  </datafield>
  <datafield tag="951" ind1=" " ind2=" ">
   <subfield code="a">Vol. 33 no. 1 (January 2005) - Vol. 34 no. 6 (November 2006)</subfield>
   <subfield code="b">Main run</subfield>
  </datafield>
  <datafield tag="951" ind1=" " ind2=" ">
   <subfield code="a">Vol. 35 no. 1 (January 2007) - Vol. 35 no. 6 (November 2007)</subfield>
   <subfield code="b">Main run</subfield>
  </datafield>
  <datafield tag="951" ind1=" " ind2=" ">
   <subfield code="a">Vol. 37 no. 1 (January 2009) - Vol. 38 no. 6 (November 2010)</subfield>
   <subfield code="b">Main run</subfield>
  </datafield>
  <datafield tag="951" ind1=" " ind2=" ">
   <subfield code="a">Vol. 39 no. 1 (January 2011) - Vol. 39 no. 4 (July 2011)</subfield>
   <subfield code="b">Main run</subfield>
  </datafield>
  <datafield tag="951" ind1=" " ind2=" ">
   <subfield code="a">Vol. 39 no. 6 (November 2011)</subfield>
   <subfield code="b">Main run</subfield>
  </datafield>
  <datafield tag="951" ind1=" " ind2=" ">
   <subfield code="a">Vol. 40 no. 1 (January 2012)</subfield>
   <subfield code="b">Main run</subfield>
  </datafield>
  <datafield tag="951" ind1=" " ind2=" ">
   <subfield code="a">Vol. 40 no. 3 (May 2012) - Vol. 40 no. 6 (November 2012)</subfield>
   <subfield code="b">Main run</subfield>
  </datafield>
  <datafield tag="951" ind1=" " ind2=" ">
   <subfield code="a">Vol. 41 no. 1 (January 2013) - Vol. 41 no. 2 (March 2013)</subfield>
   <subfield code="b">Main run</subfield>
  </datafield>
  <datafield tag="951" ind1=" " ind2=" ">
   <subfield code="a">Vol. 41 no. 3 A (May 2013)</subfield>
   <subfield code="b">Main run</subfield>
  </datafield>
  <datafield tag="951" ind1=" " ind2=" ">
   <subfield code="a">Vol. 41 no. 3 B (May 2013)</subfield>
   <subfield code="b">Main run</subfield>
  </datafield>
 </record>
</collection>
